Villes de France en 11 lettres - Carte Quiz - Statistiques

Statistiques générales
  • Ce quiz a été pris 729 fois
  • Le résultat moyen est 11 sur 15
Réponses sur la Carte
Les réponses sont colorées sur une échelle allant du rouge au vert en fonction du pourcentage des utilisateurs qui les ont devinées à leur premier essai. Vous pouvez retrouver ces pourcentages ci-dessous.
 
Statistiques - réponses
Réponse % Correct
Montpellier
88%
Carcassonne
85%
Lingolsheim
83%
Saint-Brieuc
81%
Biscarosse
80%
Châteauroux
77%
Choisy-le-Roi
71%
Montbéliard
71%
Rambouillet
71%
Albertville
69%
Aix-les-Bains
65%
Les Herbiers
63%
Saint-Dizier
60%
Armentières
58%
Saint-Priest
55%
Aucun quiz correspondant
Distribution des résultats
% des personnes avec chaque résultat
Percentile par nombre de réponses
Votre historique - résultats
Vous n’avez pas pris ce quiz